| 000 | 01015nam a22001337a 4500 | ||
|---|---|---|---|
| 999 |
_c532889 _d532889 |
||
| 008 | 260330b ||||| |||| 00| 0 eng d | ||
| 100 |
_aAhamd, Mir Farooq _959892 |
||
| 245 | _aThe surrogacy (regulation) act, 2021 a critical analysis | ||
| 260 | _aJournal of the Indian Law Institute | ||
| 300 | _a67(1), Jan-Mar, 2025: p.1-17 | ||
| 520 | _aThe word “surrogate”, having roots in Latin “subrogare”, means “appointed to act in the place of.” The intended parent(s) is the individual or a couple who intend to rear the child after its birth.1 Surrogacy2 is an assisted reproduction procedure that makes a childless couple possible to have a child through a surrogate mother who agrees to bear a child for them. This was initially considered a welcome breakthrough. – Reproduced http://14.139.60.116:8080/jspui/bitstream/123456789/48452/1/03_The%20Surrogacy%20%28Regulation%29%20Act%2c%202021-%20A%20Critical%20Analysis.pdf | ||
| 773 | _aJournal of the Indian Law Institute | ||
| 942 | _cAR | ||